Loading...

Marine fisheries information service, No.192,June 2007

Bibliografiske detaljer
Format: Printed Book
LEADER 00412nam a2200193 4500
020
082
100
245 |a Marine fisheries information service, No.192,June 2007 
250
260
300
490
500
590 |a Priya  |b 2011-04-27 15:33:02 
650
942 |c BK 
999 |c 101326  |d 101326 
952 |0 0  |1 0  |4 0  |7 0  |9 114794  |a AQU  |b AQU  |l 0  |p AQUK00444  |r 2019-09-25  |w 2019-09-25  |y BK